Πολιτισμική ετερότητα και ανθρώπινα δικαιώματα : προκλήσεις για την εκπαίδευση
Αποθηκεύτηκε σε:
| Άλλοι συγγραφείς: | , |
|---|---|
| Μορφή: | Βιβλίο |
| Γλώσσα: | Greek |
| Δημοσίευση: |
Αθήνα :
Μεταίχμιο,
2011.
|
| Σειρά: | Επιστήμες της αγωγής. Κοινωνιολογία - Πολιτική της Εκπαίδευσης (Μεταίχμιο)
|
| Θέματα: | |
| Ετικέτες: |
Προσθήκη ετικέτας
Δεν υπάρχουν, Καταχωρήστε ετικέτα πρώτοι!
|
MARC
| LEADER | 00000cam a2200000 i 4500 | ||
|---|---|---|---|
| 001 | 1/43721 | ||
| 008 | 140305s2011####gr 001 | gre|| | ||
| 020 | |a 9789604559787 | ||
| 035 | |l 10116992 | ||
| 040 | |a GR-MY-UA |b gre |e aacr | ||
| 041 | 0 | |a gre | |
| 082 | 7 | |a 370.117 |2 (22) | |
| 245 | 0 | 0 | |a Πολιτισμική ετερότητα και ανθρώπινα δικαιώματα : |b προκλήσεις για την εκπαίδευση / |c επιμέλεια: Αλεξάνδρα Ανδρούτσου, Νέλλη Ασκούνη. |
| 260 | |a Αθήνα : |b Μεταίχμιο, |c 2011. | ||
| 300 | |a 299 σ. ; |c 24 εκ. | ||
| 490 | 1 | |a (Επιστήμες της αγωγής. Κοινωνιολογία - Πολιτική της Εκπαίδευσης / Μεταίχμιο) | |
| 504 | |a Περιλαμβάνει βιβλιογραφικές αναφορές και ευρετήριo. | ||
| 650 | 0 | 0 | |a Multiculturalism. |
| 650 | 0 | 0 | |a Human rights. |
| 650 | 0 | 0 | |a Immigrants |x Education. |
| 650 | 0 | 0 | |a Multicultural education. |
| 650 | 0 | 0 | |a Multicultural education |z Greece. |
| 700 | 1 | |a Ανδρούσου, Αλεξάνδρα, |e edtf | |
| 700 | 1 | |a Ασκούνη, Νέλλη, |e edtf | |
| 830 | 0 | |a Επιστήμες της αγωγής. |p Κοινωνιολογία - Πολιτική της Εκπαίδευσης (Μεταίχμιο) | |
| 852 | |a INST |b LESVOS |e 20140305 |h 370.117 ΠΟΛ |p 005100053410 |q 005100053410 |t BK |y 4 |x 20200306 | ||
| 852 | |a INST |b LESVOS |c EUDOXUS |e 20140306 |h 370.117 ΠΟΛ |p 005100053397 |q 005100053397 |t EDX |y 0 | ||
| 852 | |a INST |b LESVOS |c EUDOXUS |e 20170117 |h 370.117 ΠΟΛ |p 005100058597 |q 005100058597 |t EDX |y 0 | ||
| 852 | |a INST |b LESVOS |c EUDOXUS |e 20180124 |h 370.117 ΠΟΛ |p 005100060918 |q 005100060918 |t EDX |y 4 |x 20200313 | ||
| 852 | |a INST |b LESVOS |c EUDOXUS |e 20180124 |h 370.117 ΠΟΛ |p 005100060931 |q 005100060931 |t EDX |y 0 | ||
| 852 | |a INST |b RHODES |e 20140919 |h 370.117 ΠΟΛ |p 005400036826 |q 005400036826 |t BK |y 0 | ||
| 901 | |a BIBL1-2014-1 | ||
| 901 | |a BIBL4-2014-3 | ||
| 909 | |a Λ |b 177258 | ||
| 909 | |a Λ |b 186677 | ||
| 909 | |a Ρ |b 189683 | ||
| 920 | |a Εύδοξος |b Παραγγελία |y Λέσβος-ΤΚΑΙ |z 2013-12 | ||
| 920 | |a Εύδοξος |b Παραγγελία |y Λέσβος-ΤΠΤΕ |z 2016-12 | ||
| 920 | |a Εύδοξος |b Παραγγελία |y Λέσβος-ΤΚΑΙ |z 2018-01 | ||
| 922 | |a 1ΕΛΗ |b 201210 |c ΤΜΗΜΑ ΚΟΙΝΩΝΙΚΗΣ ΑΝΘΡΩΠΟΛΟΓΙΑΣ ΚΑΙ ΙΣΤΟΡΙΑΣ |d ΙΩΑΝΝΙΔΟΥ | ||
| 922 | |a 4ΕΛΗ |b 201405 |c ΤΑΚ/ΤΕΠΑΕΣ |d BEST BOOK HUNTERS | ||
| 970 | |a ΤΖΑΦΕΡΗ |b ΕΥΑΓΓΕΛΙΑ |z 2014/03/05 | ||